Günbatımı / (Record no. 200468118)

MARC details
000 -LEADER
fixed length control field 00931cam a2200313 4500
001 - CONTROL NUMBER
control field 200468118
003 - CONTROL NUMBER IDENTIFIER
control field TR-AnTOB
005 - DATE AND TIME OF LATEST TRANSACTION
control field 20260416134924.0
007 - PHYSICAL DESCRIPTION FIXED FIELD--GENERAL INFORMATION
fixed length control field ta
008 - FIXED-LENGTH DATA ELEMENTS--GENERAL INFORMATION
fixed length control field 030307s2005 tu 000 f tur d
020 ## - INTERNATIONAL STANDARD BOOK NUMBER
International Standard Book Number 975210293x
035 ## - SYSTEM CONTROL NUMBER
System control number (TR-AnTOB)200468118
040 ## - CATALOGING SOURCE
Original cataloging agency TR-AnTOB
Language of cataloging eng
Description conventions rda
Transcribing agency TR-AnTOB
041 0# - LANGUAGE CODE
Language code of text/sound track or separate title Türkçe
Language code of original eng
050 0# - LIBRARY OF CONGRESS CALL NUMBER
Classification number PS3569.T33828
090 ## - LOCALLY ASSIGNED LC-TYPE CALL NUMBER (OCLC); LOCAL CALL NUMBER (RLIN)
Classification number (OCLC) (R) ; Classification number, CALL (RLIN) (NR) PS3569.T33828
Local cutter number (OCLC) ; Book number/undivided call number, CALL (RLIN) G8619 2005
100 1# - MAIN ENTRY--PERSONAL NAME
Personal name Steel, Danielle
9 (RLIN) 84534
Relator term author
240 ## - UNIFORM TITLE
Uniform title Sunset in St. Tropez
245 10 - TITLE STATEMENT
Title Günbatımı /
Statement of responsibility, etc. Danielle Steel ; çeviren Nazan Tuncer.
264 #1 - PRODUCTION, PUBLICATION, DISTRIBUTION, MANUFACTURE, AND COPYRIGHT NOTICE
Place of production, publication, distribution, manufacture İstanbul :
Name of producer, publisher, distributor, manufacturer Altın kitaplar yaynevi,
Date of production, publication, distribution, manufacture, or copyright notice 2005.
300 ## - PHYSICAL DESCRIPTION
Extent 189 pages ;
Dimensions 21 cm
336 ## - CONTENT TYPE
Content type term text
Content type code txt
Source rdacontent
337 ## - MEDIA TYPE
Media type term unmediated
Media type code n
Source rdamedia
338 ## - CARRIER TYPE
Carrier type term volume
Carrier type code nc
Source rdacarrier
650 #0 - SUBJECT ADDED ENTRY--TOPICAL TERM
Topical term or geographic name entry element Amerikan edebiyatı
Source of heading or term etuturkob
9 (RLIN) 77588
700 1# - ADDED ENTRY--PERSONAL NAME
Personal name Tuncer, Nazan
9 (RLIN) 153706
Relator term translator
942 ## - ADDED ENTRY ELEMENTS (KOHA)
Source of classification or shelving scheme Library of Congress Classification
Koha item type Book
Holdings
Withdrawn status Lost status Source of classification or shelving scheme Not for loan Collection code Home library Current library Shelving location Date acquired Source of acquisition Inventory number Total Checkouts Full call number Date last seen Copy number Date shelved Koha item type
    Library of Congress Classification Ödünç verilemez-İşlemde / Not for loan-In process Genel Koleksiyon Merkez Kütüphane Merkez Kütüphane Genel Koleksiyon / Main Collection 16/03/2026 Bağış / Donation TDE   PS3569.T33828 G8619 2005 16/04/2026 1 16/04/2026 Book
Devinim Yazılım Eğitim Danışmanlık tarafından Koha'nın orjinal sürümü uyarlanarak geliştirilip kurulmuştur.